| 000 | 00492nam a2200157Ia 4500 | ||
|---|---|---|---|
| 008 | 170221s9999 xx 000 0 und d | ||
| 100 | _aXiaohui Wei | ||
| 245 | _aMaximizing Lifetime of CDS-Based Wireless Ad Hoc Networks | ||
| 245 | _cXiaohui Wei, Yuanyuan Liu, and Xin Bai | ||
| 260 | _bJournal of Communications | ||
| 260 | _c2016 | ||
| 300 | _a11 : 4 | ||
| 650 | _xCommunication | ||
| 650 | _xMedia Arts | ||
| 856 | _uhttp://www.jocm.us/index.php?m=content&c=index&a=lists&catid=160 | ||
| 999 |
_c306841 _d306841 |
||